Statistiken für Duisburg - Quiz

Klicken Sie hier um das Quiz zu spielen!

Allgemein

  • Dieses Quiz wurde 59 mal gespielt
  • Das Durchschnittsergebnis liegt bei 12 aus 20

Antwortstatistiken

HinweisAntwort% Korrekt
Kfz-KennzeichenDU
100%
Die beiden größten Flüsse in DuisburgRhein
98%
Die beiden größten Flüsse in DuisburgRuhr
96%
Größter FußballvereinMSV Duisburg
88%
Bei dieser Technoparade kamen im Jahr 2010 21 Menschen ums LebenLoveparade
82%
Ballungsraum, in dem Duisburg liegtRuhrgebiet
78%
Dieser Industriekonzern mit Schwerpunkt in der Stahlverarbeitung hat einen seiner beiden Sitze in Duisburg (der andere ist in Essen)Thyssen-Krupp
73%
Benachbarte kreisfreie StädteDüsseldorf
71%
Benachbarte kreisfreie StädteOberhausen
67%
Benachbarte kreisfreie StädteKrefeld
63%
Stadion, in dem der größte Fußballverein spieltSchauinsland-Reisen-Arena
61%
Im Stadtteil Ruhrort findet man hiervon den größten der WeltBinnenhafen
49%
Benachbarte kreisfreie StädteMülheim an der Ruhr
49%
Benachbarte KreiseKreis Wesel
47%
Eine einer Achterbahn nachempfundene Großskulptur auf der Heinrich-Hildebrand-Höhe im Angerpark (siehe Thumbnail)Tiger and Turtle – Magic Mountain
41%
Stand-up-Comedian, der erstmals 2011 als Gewinner des RTL Comedy Grand Prix größere Bekanntheit erlangteMarkus Krebs
33%
Park rund um ein stillgelegtes Hüttenwerk in Duisburg-MeiderichLandschaftspark Duisburg-Nord
31%
In dieser mittlerweile geschlossenen Mehrzweckhalle in Duisburg-Hamborn fand während einer Ausgabe von Wetten, dass..? die Weltpremiere des Earth Song von Michael Jackson stattRhein-Ruhr-Halle
27%
Benachbarte KreiseKreis Mettmann
18%
Benachbarte KreiseRhein-Kreis Neuss
4%

Verteilung der Resultate

Perzentil nach korrekt beantworteten Fragen

Anzahl Personen mit jedem Resultat

Ihre Resultats-Entwicklung

Sie haben dieses Quiz noch nicht gespielt